000 00640nam a22001937a 4500
999 _c10296
_d10296
003 AR-CdUCM
008 190329b ||||| |||| 00| 0 spa d
040 _aMUNICIPALIDAD PROVINCIAL DEL CUSCO
_cBIBLIOTECA MUNICIPAL DEL CUSCO
082 _a345.703 /
_bA65 / 1965
100 _aAragón, Luis Ángel
_927079
245 _aDiccionario jurídico del código de procedimientos civiles /
260 _aCuzco :
_bIDEA,
_c1965.
300 _a208 páginas ;
_c22 cm.
505 _aContenido: Diccionario del código jurídico.
650 _aDerecho procesal civil
_927080
650 _aDiccionarios
_95105
942 _2ddc
_cLIBROS
945 _aacv